| 000 | 00838cam a22002775i 4500 | ||
|---|---|---|---|
| 999 |
_c23619 _d23591 |
||
| 001 | 015947461 | ||
| 003 | EG-ScBUE | ||
| 005 | 20201108123458.0 | ||
| 008 | 111004s2012 enk g 000 1 eng d | ||
| 020 | _a9781444723489 | ||
| 020 | _a1444723480 | ||
| 040 |
_aStDuBDS _beng _erda _cStDuBDS _dEG-ScBUE |
||
| 082 | 0 | 4 |
_a813.54 _bKIN _222 |
| 100 | 1 |
_aKing, Stephen, _d1947- _eauthor. _940181 |
|
| 245 | 1 | 0 |
_aWolves of the Calla / _cStephen King. |
| 264 | 1 |
_aLondon : _bHodder & Stoughton, _c2012. |
|
| 300 |
_axxiv, 770 pages ; _c20 cm |
||
| 336 |
_atext _btxt _2rdacontent |
||
| 337 |
_aunmediated _bn _2rdamedia |
||
| 338 |
_avolume _bnc _2rdacarrier |
||
| 490 | 0 |
_aThe dark tower ; _vV |
|
| 650 | 7 |
_aRoland (Fictitious character : King) _vFiction. _2BUEsh _940182 |
|
| 651 | _2BUEsh | ||
| 653 |
_bHHUUEENN _cDecember2016 |
||
| 942 |
_2ddc _cBB |
||